Massage

Bibliographic Details
Main Author: Eyerman, Ken
Format: Book
Published: London : Sidgwick & Jackson , 1995
Subjects:

MARC

LEADER 00000cam a2200000 7i4500
001 0000008023
002 000008757
005 20000330.0
020 |a 1856052737 
090 0 0 |a 615.822   |b EYE 
100 1 |a Eyerman, Ken 
245 1 0 |a Massage   |c Ken Eyerman 
260 |a London :   |b Sidgwick & Jackson ,   |c 1995 
300 |a 127p. ;   |c 23cm. 
650 0 0 |a Massage 
999 |a 052875   |b BUKU   |c PINJAMAN   |e PERPUSTAKAAN KOMUNITI PETALING JAYA